Tennis par lettre - A - Statistiques

Statistiques générales
  • Ce quiz a été pris 101 fois
  • Le résultat moyen est 8 sur 10
Statistiques - réponses
Questions Réponses % Correct
Quel tennisman espagnol connaît une rivalité avec Jannik Sinner? Carlos Alcaraz
99%
Quel terme désigne un service où l'adversaire n'arrive pas à renvoyer la balle ? Ace
97%
Quel le nom du principal circuit international du tennis masculin ? ATP
89%
Quel joueur canadien né en 2000 a échoué en demi finale face à Jannik Sinner lors de l'US Open 2025 ? Félix Auger-Aliassime
85%
Quel tennisman américain portait une perruque pour cause de calvitie naissante dans les années 1990-2000 ? André Agassi
84%
Quel joueur sud-africain a atteint la finale de Wimbledon en 2018 ? Kevin Anderson
68%
Quel jeune tenniswoman russe, atteint en Juillet 2025, la 5ème place du classement WTA ? Mirra Andreeva
65%
Quelle tenniswoman a perdu la finale de Wimbledon en 2025 contre Iga Swiatek ? Amanda Anisimova
62%
Quel joueur français a atteint les demi finale de Cincinatti en 2025 ? Terence Atmane
60%
Quel joueur afro-américain est le premier joueur noir à remporter un grand chelem ? Arthur Ashe
42%
Aucun quiz correspondant
Distribution des résultats
% des personnes avec chaque résultat
Percentile par nombre de réponses
Votre historique - résultats
Vous n’avez pas pris ce quiz